[Event "Mistrzostwa Polski Juniorow Mlodszych do lat 14 - OOM Zachodniopomorskie 2023"]
[Site "Darlowek"]
[Date "1899-12-30"]
[Round "3.20"]
[White "Kowalski, Witold"]
[Black "Uhryn, Mateusz"]
[Result "0-1"]
[WhiteTitle "I+"]
[BlackTitle "I"]
[WhiteElo "1662"]
[BlackElo "1485"]

1. e4 c5 2. Nf3 d6 3. d4 cxd4 4. Nxd4 Nf6 5. Nc3 g6 6. Be3 Nc6 7. f3 h5 8. h4 a6
9. Qd2 Nxd4 10. Bxd4 Bh6 11. Be3 Bxe3 12. Qxe3 Be6 13. Be2 O-O 14. O-O Qa5 15.
Kh1 Kg7 16. f4 Rac8 17. Rad1 Rxc3 18. bxc3 Rc8 19. c4 Bxc4 20. e5 dxe5 21. fxe5
Ng4 22. Bxg4 hxg4 23. Rf4 Be6 24. a4 Rxc2 25. Qe4 Rc4 26. Qe3 Qxa4 27. Rdd4 Rxd4
28. Rxd4 Qa2 29. Rb4 b5 30. h5 Qc2 31. h6+ Kh7 32. Rd4 Qf5 33. Rd8 Qh5+ 34. Kg1
Qh4 35. g3 Qh3 36. Qf4 Qh5 37. Qe3 Qf5 38. Qa3 Bc4 39. Qxe7 Qf1+ 40. Kh2 Qf2+
41. Kh1 Qf1+ 42. Kh2 Qh3+ 43. Kg1 Qxg3+ 44. Kh1 Qe1+ 45. Kh2 g3+ 46. Kg2 Qf2+
47. Kh3 Bf1+ 48. Kg4 Be2+ 49. Kg5 Qf5+ 50. Kh4 Qg4# 0-1

[Event "Mistrzostwa Polski Juniorow Mlodszych do lat 14 - OOM Zachodniopomorskie 2023"]
[Site "Darlowek"]
[Date "1899-12-30"]
[Round "3.21"]
[White "Majcher, Igor"]
[Black "Zielen, Stanislaw"]
[Result "1-0"]
[WhiteTitle "II+"]
[BlackTitle "II+"]
[WhiteElo "1646"]
[BlackElo "1356"]

1. e4 c5 2. Nf3 Nc6 3. d4 cxd4 4. Nxd4 Nf6 5. Nc3 g6 6. Be3 Bg7 7. Be2 O-O 8. O-O
d5 9. exd5 Nxd5 10. Nxd5 Qxd5 11. Bf3 Qc4 12. Nxc6 bxc6 13. c3 Rb8 14. Qd2 a5
15. b3 Qa6 16. Be2 Qb7 17. Bh6 Qc7 18. Bxg7 Kxg7 19. Bc4 Rd8 20. Qe3 Bf5 21. h3
h5 22. Rfe1 Rd7 23. Qf3 h4 24. Qe3 e6 25. Rad1 Rbd8 26. Rxd7 Qxd7 27. Qe5+ Kg8
28. Qxa5 Qd2 29. Rf1 Qg5 30. Qe5 Rd2 31. a4 Kf8 32. a5 Ra2 33. a6 f6 34. Qd6+
Kg7 35. Bxe6 Bxe6 36. Qxe6 Rxa6 37. Qe7+ Kh6 38. Qf8+ Kh7 39. Qf7+ Kh6 40. Qb7
Qa5 41. Qc8 Qb6 42. Qh8+ Kg5 43. Kh1 Kf5 44. Qxh4 g5 45. Qh7+ Kf4 46. g3+ Ke5
47. Re1+ Kd5 48. Qd7+ Kc5 49. Qd4+ 1-0

[Event "Mistrzostwa Polski Juniorow Mlodszych do lat 14 - OOM Zachodniopomorskie 2023"]
[Site "Darlowek"]
[Date "1899-12-30"]
[Round "3.22"]
[White "Gawlik, Olivier"]
[Black "Gruca, Karol"]
[Result "1/2-1/2"]
[WhiteTitle "II+"]
[BlackTitle "II+"]
[WhiteElo "1412"]
[BlackElo "1510"]

1. e4 c5 2. Nf3 Nc6 3. Bb5 g6 4. O-O Bg7 5. Re1 Nf6 6. c3 O-O 7. d4 cxd4 8. cxd4
d6 9. h3 Bd7 10. Nc3 Rc8 11. Be3 Na5 12. Bf1 Nc4 13. Bxc4 Rxc4 14. Qd3 Qc8 15.
Nd2 Rc7 16. g4 h5 17. f3 Rd8 18. g5 Ne8 19. Nd5 Bxh3 20. Nxc7 Nxc7 21. Rac1 Qd7
22. Kh2 Na6 23. Rh1 d5 24. e5 Bf5 25. Qb3 f6 26. gxf6 exf6 27. f4 Qe7 28. Rcg1
Kh7 29. Rg3 fxe5 30. fxe5 Qh4+ 31. Kg2 Be4+ 32. Nxe4 Qxe4+ 33. Kg1 Rc8 34. Qxb7
Qb1+ 35. Kg2 Qe4+ 36. Kg1 Qb1+ 37. Kg2 1/2-1/2

[Event "Mistrzostwa Polski Juniorow Mlodszych do lat 14 - OOM Zachodniopomorskie 2023"]
[Site "Darlowek"]
[Date "1899-12-30"]
[Round "3.23"]
[White "Prokopiuk, Jakub"]
[Black "Niesyt, Michal"]
[Result "1/2-1/2"]
[WhiteTitle "I"]
[BlackTitle "I"]
[WhiteElo "1562"]
[BlackElo "1710"]

1. e4 c5 2. Nf3 d6 3. d4 cxd4 4. Nxd4 Nf6 5. Nc3 g6 6. Be3 Bg7 7. f3 Nc6 8. Qd2
O-O 9. g4 Be6 10. O-O-O Nxd4 11. Bxd4 Qa5 12. a3 Rab8 13. h4 b5 14. Nd5 Qxd2+
15. Rxd2 Bxd5 16. exd5 a6 17. Bh3 Nd7 18. Bxg7 Kxg7 19. f4 Nb6 20. Re1 Rb7 21.
g5 Rc7 22. Rd4 Re8 23. f5 gxf5 24. Bxf5 Nc4 25. h5 Ne5 26. Re3 Rc4 27. Rxc4 bxc4
28. Kd2 Rb8 29. Kc3 Rb5 30. Be4 a5 31. Re2 Rb8 32. h6+ Kh8 33. Rf2 Rg8 34. Rf5
Rb8 35. Rf2 Rd8 36. Bg2 Rc8 37. Rf4 Rc5 38. Rd4 Rc8 1/2-1/2

[Event "Mistrzostwa Polski Juniorow Mlodszych do lat 14 - OOM Zachodniopomorskie 2023"]
[Site "Darlowek"]
[Date "1899-12-30"]
[Round "3.24"]
[White "Jaszczuk, Piotr"]
[Black "Rosa, Antoni"]
[Result "1/2-1/2"]
[WhiteTitle "II"]
[BlackTitle "I++"]
[WhiteElo "1556"]
[BlackElo "1643"]

1. e4 g6 2. d4 Bg7 3. Nf3 d6 4. Nc3 Nf6 5. Bc4 O-O 6. Bb3 Nbd7 7. O-O c5 8. e5
dxe5 9. dxe5 Ne8 10. e6 fxe6 11. Bxe6+ Kh8 12. Ne4 Nef6 13. Neg5 Qe8 14. Re1 h6
15. Nh3 Nb6 16. Nf4 g5 17. Bxc8 gxf4 18. Bxb7 Rb8 19. Be4 Na4 20. Bxf4 Rb4 21.
Bd3 Rxf4 22. Qe2 c4 23. Bxc4 Nxb2 24. Bd3 Nxd3 25. Qxd3 Ne4 26. Rad1 Qg6 27. Nd2
Rg4 28. Nxe4 Rxg2+ 29. Kh1 Be5 30. Ng3 Rfxf2 31. Qxg6 Rxh2+ 32. Kg1 1/2-1/2

[Event "Mistrzostwa Polski Juniorow Mlodszych do lat 14 - OOM Zachodniopomorskie 2023"]
[Site "Darlowek"]
[Date "1899-12-30"]
[Round "3.25"]
[White "Grobelny, Mikolaj"]
[Black "Durzynski, Jan"]
[Result "0-1"]
[WhiteTitle "I"]
[BlackTitle "I"]
[WhiteElo "1577"]
[BlackElo "1499"]

1. e4 e6 2. c4 d5 3. exd5 exd5 4. cxd5 Nf6 5. Bb5+ Bd7 6. Bc4 Bb4 7. a3 Bd6 8.
Nf3 O-O 9. O-O Bg4 10. h3 Bh5 11. Qb3 Nbd7 12. g4 Nxg4 13. hxg4 Bxg4 14. d4 Qf6
15. Ne5 Nxe5 16. dxe5 Qxe5 17. f4 Bc5+ 18. Kg2 Qe4+ 19. Kh2 Be2 20. Re1 Bxc4 21.
Rxe4 Bxb3 22. Nc3 Rad8 23. Be3 Bxe3 24. Rxe3 Bxd5 25. Re7 Bc6 26. b4 Rd2+ 27.
Kg1 Rg2+ 28. Kf1 Rc2 29. b5 Rxc3 30. bxc6 Rxc6 31. Rd1 Rf6 32. Rxc7 Rxf4+ 33.
Kg2 Ra4 34. Rd3 b6 35. Kf2 g6 36. Kg2 h5 37. Kh2 Kg7 38. Rf3 Kh6 39. Rd7 f5 40.
Rg3 f4 41. Rf3 Rf6 42. Re7 g5 43. Rd3 f3 44. Rdd7 f2 45. Rh7+ Kg6 46. Rhg7+ Kf5
47. Kg2 Rf4 48. Kf1 Kg4 49. Rd5 R6f5 50. Rd2 h4 51. Rh7 h3 52. Rd3 Re4 53. Rd1
Rff4 54. a4 Re3 55. a5 Rg3 56. Ke2 Rg1 57. Rf1 Rxf1 58. Kxf1 Kg3 59. Rg7 g4 60.
a6 Ra4 61. Rf7 Ra1+ 62. Ke2 f1=Q+ 63. Rxf1 Rxf1 64. Kxf1 h2 0-1

[Event "Mistrzostwa Polski Juniorow Mlodszych do lat 14 - OOM Zachodniopomorskie 2023"]
[Site "Darlowek"]
[Date "1899-12-30"]
[Round "3.26"]
[White "Wolski, Ernest"]
[Black "Wasiluk, Mateusz"]
[Result "1-0"]
[WhiteTitle "II"]
[BlackTitle "II+"]
[WhiteElo "1317"]
[BlackElo "1570"]

1. d4 Nf6 2. Bf4 g6 3. Nc3 d5 4. Nf3 c6 5. e3 Bg7 6. Bd3 Nh5 7. Bg3 Nxg3 8. hxg3
Bg4 9. Ne2 Nd7 10. c3 Qb6 11. Qb3 Qc7 12. Rh4 Bxf3 13. gxf3 O-O-O 14. O-O-O h5
15. Kb1 e5 16. c4 dxc4 17. Bxc4 exd4 18. Nxd4 Ne5 19. Be2 c5 20. Nb5 Qb6 21. Rhh1
Kb8 22. f4 c4 23. Qc3 Qxb5 24. fxe5 Bxe5 25. Bxc4 Qc5 26. Qb3 f5 27. Rd5 Rxd5
28. Bxd5 Qe7 29. Rc1 h4 30. gxh4 Rxh4 31. Rc4 Rxc4 32. Qxc4 g5 33. Be6 Qf8 34.
Qb5 Qd6 35. Bd5 Qe7 36. Bxb7 Bc7 37. Ba6+ Bb6 38. Qxf5 Qd8 39. Qd3 Qe8 40. Qh7
Bc7 41. Qf5 Qh8 42. Qe4 1-0

[Event "Mistrzostwa Polski Juniorow Mlodszych do lat 14 - OOM Zachodniopomorskie 2023"]
[Site "Darlowek"]
[Date "1899-12-30"]
[Round "4.1"]
[White "Lecki, Leonard"]
[Black "Warchol, Kamil"]
[Result "1/2-1/2"]
[WhiteTitle "I+"]
[BlackTitle "FM"]
[WhiteElo "1962"]
[BlackElo "2103"]

1. e4 c5 2. Nf3 e6 3. d4 cxd4 4. Nxd4 Nc6 5. c4 Nf6 6. Nc3 Bb4 7. Nxc6 bxc6 8.
Bd3 e5 9. O-O Bc5 10. Re1 Be7 11. b3 O-O 12. Bb2 Qc7 13. Rc1 Bb7 14. Qe2 Rfe8
15. Na4 d6 16. c5 Nd7 17. cxd6 Bxd6 18. Red1 Bf8 19. Qe3 Red8 20. Qg3 Re8 21.
f3 Rad8 22. Bc4 Qb8 23. Kh1 Ba8 24. Qg5 g6 25. h4 Be7 26. Qg3 Bf6 27. h5 Kg7 28.
h6+ Kg8 29. Qg4 Nb6 30. Nxb6 axb6 31. f4 b5 32. Be2 Bb7 33. f5 Rxd1+ 34. Rxd1
Rd8 35. Rf1 Bc8 36. Qg3 Qd6 37. fxg6 fxg6 38. Bh5 Rf8 39. Rd1 Qe7 40. Bg4 Kh8
41. Be2 Re8 42. Rf1 Kg8 1/2-1/2

[Event "Mistrzostwa Polski Juniorow Mlodszych do lat 14 - OOM Zachodniopomorskie 2023"]
[Site "Darlowek"]
[Date "1899-12-30"]
[Round "4.2"]
[White "Sowinski, Pawel"]
[Black "Zmarzly, Wiktor"]
[Result "1/2-1/2"]
[WhiteTitle "FM"]
[BlackTitle "I+"]
[WhiteElo "2313"]
[BlackElo "1763"]

1. c4 c5 2. Nf3 Nc6 3. d4 cxd4 4. Nxd4 d5 5. Nc3 e6 6. cxd5 exd5 7. g3 Bc5 8. Nxc6
bxc6 9. Bg2 Nf6 10. O-O O-O 11. Na4 Bd6 12. Be3 Re8 13. Rc1 Rxe3 14. fxe3 Qe8
15. Qd3 Rb8 16. a3 h5 17. e4 h4 18. exd5 cxd5 19. Nc3 hxg3 20. Nxd5 gxh2+ 21.
Kh1 Nh5 22. Nf6+ Nxf6 23. Qxd6 Bb7 24. Qg3 Bxg2+ 25. Qxg2 Qe5 26. b4 Nh5 27. Rf3
Re8 28. Rc5 Qa1+ 29. Kxh2 Qe1 30. Rf2 Nf4 31. Qf3 Re6 32. Qxf4 Rh6+ 33. Kg3 Qg1+
34. Rg2 Qe1+ 35. Qf2 Rg6+ 36. Kh2 Rh6+ 37. Kg3 Rg6+ 38. Kh2 Rh6+ 39. Kg3 Rg6+
40. Kh3 Qh1+ 41. Rh2 Rh6+ 42. Kg3 Rg6+ 43. Kf4 Rf6+ 44. Rf5 Qc1+ 45. e3 Qc7+ 46.
Kg4 Qc8 47. e4 Rg6+ 48. Kh3 Qc3+ 49. Qf3 Rh6+ 50. Kg2 Qc2+ 51. Qf2 Rg6+ 52. Kh1
1/2-1/2

[Event "Mistrzostwa Polski Juniorow Mlodszych do lat 14 - OOM Zachodniopomorskie 2023"]
[Site "Darlowek"]
[Date "1899-12-30"]
[Round "4.3"]
[White "Futyma, Dawid"]
[Black "Komendecki, Antoni"]
[Result "1/2-1/2"]
[WhiteTitle "I"]
[BlackTitle "I++"]
[WhiteElo "1519"]
[BlackElo "1999"]

1. d4 Nf6 2. Nf3 e6 3. c4 b6 4. e3 Bb7 5. Bd3 Bb4+ 6. Bd2 Be7 7. Nc3 O-O 8. O-O
d5 9. Re1 c5 10. b3 Nc6 11. cxd5 Nb4 12. Bf1 Nbxd5 13. dxc5 Bxc5 14. Nxd5 Bxd5
15. Bc3 Ne4 16. Qc2 Nxc3 17. Qxc3 Bxf3 18. gxf3 Qg5+ 19. Bg2 a5 20. Red1 Rac8
21. f4 Qg4 22. h3 Qf5 23. Qd3 Qf6 24. Rac1 g6 25. Bb7 Rcd8 26. Qe2 e5 27. Rxd8
Rxd8 28. fxe5 Qxe5 29. Rd1 Bd6 30. Bg2 Rc8 31. Qd3 Bb4 32. Qe2 Qf5 33. Qg4 Qc2
34. Be4 Qc5 35. Qe2 Qe5 36. Bg2 h5 37. Bb7 Qg5+ 38. Bg2 Qf5 39. a4 Rc2 40. Qf3
Qe6 41. Qd5 Rb2 42. Qxe6 fxe6 43. Bc6 Rxb3 44. Kg2 Rb2 45. Kf3 Kf7 46. Bb5 Be7
47. Kg3 Bc5 48. Bc6 Kf6 49. Kf3 e5 50. Bb5 e4+ 51. Kxe4 Rxf2 52. Rf1 Rxf1 53.
Bxf1 Kg5 54. Kf3 Bd6 55. Kg2 Kh4 56. Bb5 1/2-1/2

[Event "Mistrzostwa Polski Juniorow Mlodszych do lat 14 - OOM Zachodniopomorskie 2023"]
[Site "Darlowek"]
[Date "1899-12-30"]
[Round "4.4"]
[White "Suska, Szymon"]
[Black "Pycinski, Wladyslaw"]
[Result "1/2-1/2"]
[WhiteTitle "I"]
[BlackTitle "I"]
[WhiteElo "1879"]
[BlackElo "1942"]

1. d4 d5 2. c4 e6 3. Nf3 c6 4. Qc2 Nf6 5. Nbd2 Nbd7 6. g3 Bd6 7. Bg2 O-O 8. O-O
Re8 9. b3 Qe7 10. Bb2 b6 11. Ne5 Bb7 12. e4 Rac8 13. Nxd7 Nxd7 14. e5 Ba3 15.
Bxa3 Qxa3 16. f4 Red8 17. f5 Nf8 18. f6 c5 19. fxg7 Kxg7 20. Nb1 Qa5 21. Qf2 Rd7
22. Qf6+ Kg8 23. h4 cxd4 24. h5 h6 25. Qxh6 Nh7 26. Nd2 Qc3 27. Kh2 Qe3 28. Qf4
Qxf4 29. Rxf4 dxc4 30. Bxb7 Rxb7 31. Nxc4 Rd7 32. Rd1 b5 33. Nd6 Rc2+ 34. Kh3
Re2 35. Rfxd4 1/2-1/2

[Event "Mistrzostwa Polski Juniorow Mlodszych do lat 14 - OOM Zachodniopomorskie 2023"]
[Site "Darlowek"]
[Date "1899-12-30"]
[Round "4.5"]
[White "Rekuc, Patryk"]
[Black "Cieslak, Patryk"]
[Result "0-1"]
[WhiteTitle "I"]
[BlackTitle "FM"]
[WhiteElo "1852"]
[BlackElo "2319"]

1. d4 Nf6 2. Nf3 d5 3. e3 e6 4. Bd3 c5 5. O-O Nc6 6. b3 Be7 7. Bb2 O-O 8. c4 cxd4
9. exd4 b6 10. Nbd2 Bb7 11. Rc1 Rc8 12. Qe2 Rc7 13. Rfd1 Qa8 14. Bb1 Rfc8 15.
Ne5 dxc4 16. bxc4 Rd8 17. Nf1 Nxe5 18. dxe5 Nd7 19. f3 Nc5 20. Ng3 Bc6 21. Nh5
Ba4 22. Rd6 g6 23. Ng3 Rxd6 24. exd6 Bxd6 25. Ba1 e5 26. Ne4 Nxe4 27. Bxe4 Qd8
28. Bd5 Re7 29. Qe4 Qc7 30. h4 Bd7 31. h5 Bf5 32. Qh4 Qc5+ 33. Kh1 Qe3 34. Re1
Qd2 35. h6 Qf4 36. Qxf4 exf4 37. Rd1 Bc2 38. Rd2 Re1+ 39. Kh2 Rxa1 40. Rxc2 Kf8
41. Re2 Be7 42. Bc6 f5 43. Bd7 Rd1 44. Bc6 Bh4 45. g4 fxg3+ 46. Kg2 f4 47. Re8+
Kf7 48. Rh8 Rd2+ 49. Kg1 Be7 50. Rxh7+ Kf6 0-1

[Event "Mistrzostwa Polski Juniorow Mlodszych do lat 14 - OOM Zachodniopomorskie 2023"]
[Site "Darlowek"]
[Date "1899-12-30"]
[Round "4.6"]
[White "Zielonka, Adam"]
[Black "Olszewski, Antoni"]
[Result "1/2-1/2"]
[WhiteTitle "I++"]
[BlackTitle "II+"]
[WhiteElo "2100"]
[BlackElo "1821"]

1. e4 e5 2. Nf3 Nf6 3. d4 Nxe4 4. Bd3 d5 5. Nxe5 Bd6 6. O-O c5 7. c3 cxd4 8. cxd4
O-O 9. Qf3 Nf6 10. Bg5 Nc6 11. Nxc6 bxc6 12. Nd2 h6 13. Bxf6 Qxf6 14. Qxf6 gxf6
15. Rac1 Bd7 16. Rc2 a5 17. Nf3 Rab8 18. Nh4 Rb4 19. Nf5 Bxf5 20. Bxf5 Rxd4 21.
Rxc6 Be5 22. Rc2 Rb4 23. Rd1 Rxb2 24. Rxb2 Bxb2 25. Rxd5 Re8 26. g3 Bc3 27. Rc5
Bb4 28. Rc8 Rxc8 29. Bxc8 Kf8 30. Bd7 Ke7 31. Bc6 1/2-1/2

[Event "Mistrzostwa Polski Juniorow Mlodszych do lat 14 - OOM Zachodniopomorskie 2023"]
[Site "Darlowek"]
[Date "1899-12-30"]
[Round "4.7"]
[White "Przybylski, Jan"]
[Black "Ratajczak, Hubert"]
[Result "1/2-1/2"]
[WhiteTitle "I+"]
[BlackTitle "I"]
[WhiteElo "1671"]
[BlackElo "1972"]

1. e4 c5 2. Nf3 e6 3. d4 cxd4 4. Nxd4 Nf6 5. Nc3 Nc6 6. Ndb5 Bb4 7. a3 Bxc3+ 8.
Nxc3 d5 9. exd5 exd5 10. Bd3 O-O 11. O-O d4 12. Ne2 Bg4 13. f3 Bh5 14. Ng3 Bg6
15. f4 Bxd3 16. Qxd3 Re8 17. Bd2 Qd5 18. Rae1 Rad8 19. b3 b5 20. Rxe8+ Rxe8 21.
Re1 Rxe1+ 22. Bxe1 a6 23. Qf5 Qxf5 24. Nxf5 Nd5 25. Bd2 g6 26. Nh4 f5 27. Nf3
Nc7 28. Kf2 Ne6 29. Ke2 Kf7 30. b4 Ke7 31. Kd3 Kd6 32. h4 Kd5 33. Ng5 Nxg5 34.
hxg5 Nd8 35. Be1 Nf7 36. Bf2 Nd6 37. Bxd4 Nc4 38. Bf6 Nxa3 39. Bd8 Kd6 40. c3
Kd5 41. Bb6 Kc6 42. Bd8 Kd5 43. Bb6 Nc4 44. Bc7 Kc6 45. Bd8 Kd7 46. Bf6 a5 47.
bxa5 Nxa5 48. Kd4 Kd6 49. Be5+ Kc6 50. Bg7 Nc4 51. Be5 Nb6 52. Bg7 Nd5 53. Be5
b4 1/2-1/2

[Event "Mistrzostwa Polski Juniorow Mlodszych do lat 14 - OOM Zachodniopomorskie 2023"]
[Site "Darlowek"]
[Date "1899-12-30"]
[Round "4.8"]
[White "Bartodziej, Bartosz"]
[Black "Micula, Jakub"]
[Result "1-0"]
[WhiteTitle "I"]
[BlackTitle "I"]
[WhiteElo "1936"]
[BlackElo "1600"]

1. e4 c5 2. Nf3 e6 3. d4 cxd4 4. Nxd4 Nc6 5. Nc3 Qc7 6. Be2 a6 7. O-O Nf6 8. Be3
Bb4 9. Na4 O-O 10. c4 Bd6 11. g3 Nxe4 12. Bf3 Nf6 13. c5 Be7 14. Nb6 Rb8 15. Nc4
Rd8 16. Bf4 e5 17. Nxc6 dxc6 18. Bxe5 Qxe5 19. Qxd8+ Bxd8 20. Nxe5 Be6 21. a3
Bc7 22. Rfe1 Nd5 23. Rad1 Re8 24. Nc4 Kf8 25. Bxd5 Bxd5 26. Rxe8+ Kxe8 27. Re1+
Kd7 28. Ne5+ Bxe5 29. Rxe5 f6 30. Re3 Bf7 31. f4 Be6 32. Kf2 Bg4 33. Ke1 Be6 34.
Kd2 Bg4 35. Kd3 Bh3 36. Kd4 Bg4 37. Ke4 g6 38. Rd3+ Ke7 39. Rb3 Bc8 40. g4 Kf7
41. g5 Ke7 42. gxf6+ Kxf6 43. Rb4 h5 44. Rd4 Bf5+ 45. Ke3 Ke7 46. Rd6 Ke8 47.
Kd4 Ke7 48. Ke5 Bc2 49. Re6+ Kf7 50. Kd6 1-0

[Event "Mistrzostwa Polski Juniorow Mlodszych do lat 14 - OOM Zachodniopomorskie 2023"]
[Site "Darlowek"]
[Date "1899-12-30"]
[Round "4.9"]
[White "Liskiewicz, Jakub"]
[Black "Jablonski, Antoni"]
[Result "1-0"]
[WhiteTitle "I++"]
[BlackTitle "II+"]
[WhiteElo "1902"]
[BlackElo "1567"]

1. Nf3 Nf6 2. g3 b6 3. Bg2 Bb7 4. O-O e6 5. d3 d5 6. Nbd2 Be7 7. e4 O-O 8. e5 Nfd7
9. Re1 c5 10. Nf1 Nc6 11. h4 Re8 12. N1h2 f6 13. exf6 Bxf6 14. Ng5 Nf8 15. Qh5
g6 16. Qd1 Bg7 17. Ng4 Qd6 18. Qf3 Qe7 19. c3 h5 20. Ne3 Ne5 21. Qd1 Rad8 22.
Nc2 Ba6 23. Bf1 Rd7 24. Bf4 Nf7 25. Nxf7 Qxf7 26. Be5 Bxe5 27. Rxe5 Rde7 28. Bh3
Qf6 29. d4 Rf7 30. f4 Nd7 31. Rg5 Kf8 32. Ne1 Nb8 33. Nf3 Nc6 34. Ne5 Nxe5 35.
dxe5 Qg7 36. Qc2 Rf5 37. Bxf5 exf5 38. g4 hxg4 39. h5 Bc8 40. hxg6 Qh6 41. Qg2
Rxe5 42. Qd2 Qh3 43. fxe5 Qg3+ 44. Kh1 Qh4+ 45. Qh2 Qxg5 46. Qh8+ Ke7 47. g7 Bb7
48. Qf8+ Kd7 49. Qf7+ Kc6 50. Qf6+ 1-0

[Event "Mistrzostwa Polski Juniorow Mlodszych do lat 14 - OOM Zachodniopomorskie 2023"]
[Site "Darlowek"]
[Date "1899-12-30"]
[Round "4.10"]
[White "Bochniak, Franciszek"]
[Black "Wojtacha, Krzysztof"]
[Result "1-0"]
[WhiteTitle "I++"]
[BlackTitle "I"]
[WhiteElo "1884"]
[BlackElo "1505"]

1. e4 c5 2. Nf3 Nc6 3. Bb5 g6 4. O-O Bg7 5. c3 Nf6 6. e5 Nd5 7. d4 cxd4 8. cxd4
O-O 9. Nc3 Nxc3 10. bxc3 d6 11. Re1 Qa5 12. Qb3 Bg4 13. Nd2 dxe5 14. Bxc6 bxc6
15. Nc4 Qc7 16. Nxe5 Be6 17. Qa3 Bxe5 18. Rxe5 Rfd8 19. Bf4 Qb7 20. Rae1 Rd5 21.
h4 Rxe5 22. Rxe5 Rd8 23. Re2 h5 24. Rb2 Qd7 25. Qc5 Bd5 26. Bg3 Qe6 27. Qxa7 Qe1+
28. Kh2 f5 29. Qc7 Rf8 30. f3 Qxc3 31. Qxe7 f4 32. Bxf4 Bf7 33. Be5 Qc1 34. Rc2
Qh6 35. Rxc6 Bxa2 36. Rf6 Rc8 37. d5 Rf8 38. Qe6+ Kh7 39. Rf7+ Kg8 40. Rg7+ Kh8
41. Rxg6+ 1-0

[Event "Mistrzostwa Polski Juniorow Mlodszych do lat 14 - OOM Zachodniopomorskie 2023"]
[Site "Darlowek"]
[Date "1899-12-30"]
[Round "4.11"]
[White "Kraczek, Cezary"]
[Black "Dobosiewicz, Dawid"]
[Result "1/2-1/2"]
[WhiteTitle "I"]
[BlackTitle "I+"]
[WhiteElo "1720"]
[BlackElo "1872"]

1. d4 Nf6 2. Nc3 d5 3. Bf4 c5 4. e3 cxd4 5. exd4 a6 6. Nf3 Bg4 7. Be2 Nc6 8. h3
Bh5 9. Ne5 Bxe2 10. Nxc6 Qb6 11. Nxe2 bxc6 12. Rb1 e6 13. O-O c5 14. c3 cxd4 15.
Nxd4 Rc8 16. Re1 Be7 17. Qf3 Ne4 18. Be3 Qa5 19. Qe2 O-O 20. Nf3 Bf6 21. Bd4 Rb8
22. Bxf6 Nxf6 23. Nd4 Rfc8 24. a3 h6 25. Nc2 Qb6 26. Rec1 Ne4 27. Nb4 a5 28. Nd3
Qb5 29. Qe3 Qb6 30. Qe2 Qb3 31. Re1 Qc4 32. Rbc1 Rb3 33. Rc2 Qa4 34. Rec1 Nd6
35. Ne5 Nc4 36. Nxc4 Rxc4 37. Rd1 Rb8 38. Rcd2 Qb3 39. f3 Rc7 40. Qf2 Rcb7 41.
Re1 a4 42. f4 g6 43. g4 Qb6 44. Ree2 Qxf2+ 45. Kxf2 Kf8 46. Kg3 Ke7 47. Rxd5 1/2-1/2

[Event "Mistrzostwa Polski Juniorow Mlodszych do lat 14 - OOM Zachodniopomorskie 2023"]
[Site "Darlowek"]
[Date "1899-12-30"]
[Round "4.12"]
[White "Terkiewicz, Bruno"]
[Black "Majcher, Igor"]
[Result "0-1"]
[WhiteTitle "I++"]
[BlackTitle "II+"]
[WhiteElo "1998"]
[BlackElo "1646"]

1. d4 Nf6 2. Nf3 g6 3. g3 Bg7 4. Bg2 c5 5. c4 cxd4 6. Nxd4 O-O 7. Nc3 Nc6 8. O-O
a6 9. Nc2 d6 10. Qd2 Be6 11. b3 Rc8 12. Bb2 Qc7 13. Rac1 Rfd8 14. e4 Nd7 15. Ne3
Nc5 16. Ncd5 Bxd5 17. cxd5 Bxb2 18. Qxb2 Nb4 19. Qd2 a5 20. Bh3 Rb8 21. Rfd1 Qb6
22. Nc4 Qb5 23. Na3 Qb6 24. Rc4 Nbd3 25. Qe2 Ne5 26. Rcd4 Qa6 27. Qe3 f6 28. f4
Nf7 29. Kh1 Kg7 30. Rc1 b6 31. Bf1 Qb7 32. Bb5 Rbc8 33. Nc4 Nd7 34. Rdd1 Rc5 35.
a4 Qb8 36. Bc6 Qc7 37. Na3 Nb8 38. Nb5 Qc8 39. Nd4 Nxc6 40. Nxc6 Rd7 41. e5 dxe5
42. fxe5 Rxc1 43. Rxc1 Rxd5 44. Qxb6 Nxe5 45. Qb8 Qf5 46. Qb7 Nxc6 47. Qxc6 Qf3+
48. Kg1 Rd1+ 0-1

[Event "Mistrzostwa Polski Juniorow Mlodszych do lat 14 - OOM Zachodniopomorskie 2023"]
[Site "Darlowek"]
[Date "1899-12-30"]
[Round "4.13"]
[White "Kania, Franciszek"]
[Black "Haladaj, Adam"]
[Result "1-0"]
[WhiteTitle "I"]
[BlackTitle "I"]
[WhiteElo "1875"]
[BlackElo "1614"]

1. e4 c5 2. Nf3 Nc6 3. d4 cxd4 4. Nxd4 g6 5. c4 Nf6 6. Nc3 d6 7. f3 Bg7 8. Be3
Nxd4 9. Qxd4 O-O 10. Qd2 Be6 11. Rc1 Qa5 12. Be2 Rfc8 13. b3 a6 14. Na4 Qxd2+
15. Kxd2 Nd7 16. g4 Rf8 17. Rhg1 Rad8 18. h4 h6 19. Rc2 Kh7 20. Nc3 Rc8 21. Rgc1
f5 22. gxf5 gxf5 23. Nd5 Rfe8 24. Nf4 Bf7 25. exf5 Bf6 26. b4 Bxh4 27. Ne6 Bf6
28. Bxh6 Bxe6 29. fxe6 Ne5 30. Rh1 Rh8 31. f4 Ng6 32. Bd3 Rhd8 33. Rcc1 d5 34.
c5 Rh8 35. Rcg1 Rcg8 36. Bf8+ 1-0

[Event "Mistrzostwa Polski Juniorow Mlodszych do lat 14 - OOM Zachodniopomorskie 2023"]
[Site "Darlowek"]
[Date "1899-12-30"]
[Round "4.14"]
[White "Uhryn, Mateusz"]
[Black "Zareba, Piotr"]
[Result "0-1"]
[WhiteTitle "I"]
[BlackTitle "I+"]
[WhiteElo "1485"]
[BlackElo "1690"]

1. d4 d5 2. c4 e6 3. Nf3 Nf6 4. Nc3 c6 5. g3 Nbd7 6. Bg2 dxc4 7. O-O Be7 8. e4
O-O 9. Qe2 b5 10. Rd1 Nb6 11. Ne5 Qc7 12. Ng4 Nxg4 13. Qxg4 e5 14. Qh5 Bf6 15.
dxe5 Qxe5 16. Qe2 b4 17. Bf4 Qe8 18. Nb1 Be5 19. Bxe5 Qxe5 20. a3 c5 21. f4 Qe7
22. Nd2 Be6 23. e5 Rad8 24. Ne4 Bd5 25. Qg4 Bxe4 26. Bxe4 Rxd1+ 27. Rxd1 Rd8 28.
Rxd8+ Qxd8 29. e6 Qd4+ 30. Kf1 Qxe4 31. exf7+ Kxf7 32. Qh5+ Kg8 33. Qxc5 bxa3
34. bxa3 h6 35. Qc7 Qd3+ 36. Kg2 Qd7 37. Qb8+ Kh7 38. Qe5 Qd5+ 39. Qxd5 Nxd5 40.
Kf3 c3 0-1

[Event "Mistrzostwa Polski Juniorow Mlodszych do lat 14 - OOM Zachodniopomorskie 2023"]
[Site "Darlowek"]
[Date "1899-12-30"]
[Round "4.15"]
[White "Jasiulewicz, Dawid"]
[Black "Stachowiak, Bruno"]
[Result "1-0"]
[WhiteTitle "I"]
[BlackTitle "II"]
[WhiteElo "1927"]
[BlackElo "1596"]

1. d4 d5 2. Nf3 e6 3. c4 Nf6 4. Nc3 Nbd7 5. cxd5 exd5 6. Bg5 Be7 7. e3 O-O 8. Bd3
c6 9. Qc2 Re8 10. O-O Nf8 11. h3 Ne4 12. Bf4 Ng5 13. Nxg5 Bxg5 14. Bh2 g6 15.
b4 Ne6 16. Rab1 a5 17. b5 c5 18. dxc5 Nxc5 19. Rbd1 d4 20. Be4 Nxe4 21. Rxd4 Qb6
22. Nxe4 Bf5 23. Qc5 Qxc5 24. Nxc5 b6 25. Na4 Rxe3 26. h4 Bh6 27. g4 Rd3 28. Rxd3
Bxd3 29. Nxb6 Bxf1 30. Kxf1 Ra7 31. Nc4 Bf8 32. b6 Rb7 33. Bc7 Bc5 34. Nxa5 Bxb6
35. Nxb7 Bxc7 36. Kg2 Kf8 37. g5 Ke7 38. Nc5 f6 39. Kf3 fxg5 40. hxg5 Bd6 41.
Ne4 Be5 42. a4 Ke6 43. Kg4 Bd4 44. f3 Ke5 45. a5 Be3 46. a6 Bd4 47. Nc3 Bf2 48.
Nb5 1-0

[Event "Mistrzostwa Polski Juniorow Mlodszych do lat 14 - OOM Zachodniopomorskie 2023"]
[Site "Darlowek"]
[Date "1899-12-30"]
[Round "4.16"]
[White "Nowakowski, Maksymilian"]
[Black "Jagodzinski, Jaromir"]
[Result "1-0"]
[WhiteTitle "I"]
[BlackTitle "II+"]
[WhiteElo "1788"]
[BlackElo "1473"]

1. d4 d5 2. c4 e6 3. g3 Nf6 4. Bg2 dxc4 5. Nf3 a6 6. Ne5 Bb4+ 7. Nc3 O-O 8. O-O
Nbd7 9. Nxc4 Rb8 10. Qb3 c5 11. Bf4 Ra8 12. Bd6 Re8 13. Na4 Ra7 14. dxc5 Ba5 15.
Nab6 Bxb6 16. cxb6 Ra8 17. Bc7 Qe7 18. Nd6 Rf8 19. Nxb7 Bxb7 20. Bxb7 Nc5 21.
Qa3 Rae8 22. Bc6 Nfd7 23. Bxd7 Nxd7 24. Qxe7 Rxe7 25. Bd6 Ree8 26. Bxf8 Kxf8 27.
Rac1 Nxb6 28. Rc6 Rb8 29. Rd1 Nd5 30. Rd2 Nb4 31. Rc7 Nd5 32. Ra7 Rb6 33. e4 Nf6
34. Rd8+ Ne8 35. Raa8 g6 36. Rxe8+ Kg7 37. Rab8 1-0